Materials Handling Principles and Practice (Record no. 329874)
[ view plain ]
| 000 -LEADER | |
|---|---|
| fixed length control field | 00660nam a22002057a 4500 |
| 001 - CONTROL NUMBER | |
| control field | nust |
| 003 - CONTROL NUMBER IDENTIFIER | |
| control field | SCME |
| 005 - DATE AND TIME OF LATEST TRANSACTION | |
| control field | 20170526122341.0 |
| 008 - FIXED-LENGTH DATA ELEMENTS--GENERAL INFORMATION | |
| fixed length control field | 140117t xxu||||| |||| 00| 0 eng d |
| 022 ## - INTERNATIONAL STANDARD SERIAL NUMBER | |
| Source | 81-239-0840-7 |
| 040 ## - CATALOGING SOURCE | |
| Transcribing agency | scme |
| 082 ## - DEWEY DECIMAL CLASSIFICATION NUMBER | |
| Classification number | 658.781 ALL |
| 100 ## - MAIN ENTRY--PERSONAL NAME | |
| Personal name | Theodore H. Allegri sr |
| 9 (RLIN) | 1003 |
| 245 ## - TITLE STATEMENT | |
| Title | Materials Handling Principles and Practice |
| 260 ## - PUBLICATION, DISTRIBUTION, ETC. | |
| Place of publication, distribution, etc. | USA |
| Name of publisher, distributor, etc. | Satish Kumar |
| Date of publication, distribution, etc. | 1984 |
| 300 ## - PHYSICAL DESCRIPTION | |
| Extent | 516 p |
| 546 ## - LANGUAGE NOTE | |
| Language note | English |
| 563 ## - BINDING INFORMATION | |
| Binding note | PBC |
| 650 ## - SUBJECT ADDED ENTRY--TOPICAL TERM | |
| Source of heading or term | Materials Handling Principles and Practice |
| Topical term or geographic name entry element | Materials Handling Principles and Practice |
| 9 (RLIN) | 1004 |
| 942 ## - ADDED ENTRY ELEMENTS (KOHA) | |
| Source of classification or shelving scheme | |
| Koha item type | Book |
| Withdrawn status | Lost status | Source of classification or shelving scheme | Damaged status | Not for loan | Permanent Location | Current Location | Date acquired | Total Checkouts | Full call number | Barcode | Date last seen | Price effective from | Koha item type |
|---|---|---|---|---|---|---|---|---|---|---|---|---|---|
| School of Civil and Environmental Engineering (SCEE) | School of Civil and Environmental Engineering (SCEE) | 05/26/2017 | 658.781 ALL | NIT-7563 | 05/26/2017 | 05/26/2017 | Book |
